Normal view
MARC view
- Jagadeesha T. & Gowda T
Entry Personal Name
001 - CONTROL NUMBER
- control field: 195307
003 - CONTROL NUMBER IDENTIFIER
- control field: OSt
005 - DATE AND TIME OF LATEST TRANSACTION
- control field: 20230714214626.0
008 - FIXED-LENGTH DATA ELEMENTS
- fixed length control field: 230714|| aca||aabn | a|a d
040 ## - CATALOGING SOURCE
- Original cataloging agency: OSt
- Transcribing agency: OSt
100 ## - HEADING--PERSONAL NAME
- Personal name: Jagadeesha T. & Gowda T
670 ## - SOURCE DATA FOUND
- Source citation: Work cat.: (OSt)209912: Jagadeesha T. 195306, Fluid Power, 2013